=LDR 00000nam 2200000 4500 =001 INLIS000000000030872 =005 20130612133001 =008 ***********************************ind** =035 ##$$a0010-061300000030872 =041 ##$$a ind =082 ##$$a 2X3.1 =090 ##$$a 2X3.1, Ala s =100 ##$$a Al-Affani, Sayyid Husain =245 ##$$a Al- Bihar Az- Zakirah fi asbab Al-maghhfirah. sesungguhnya dia maha pengampun, 286 sebab meraih ampun Allah, Sayyid Husain Al-Affani; penerjemah Izzudin Karimi =260 ##$$a 2008 $b Jakarta =300 ##$$a VXXII, 473 HLM, 24 CM =650 ##$$a Allah maha pengampun =850 ##$$a NBPNMAT =990 ##$$a 0001/BPAP-NTB/20142014